000 00607nam a2200193Ia 4500
003 GCL
008 140319s9999 xx 000 0 ara d
040 _aGCL /
_cGCL
082 0 4 _a913
_bا ك
100 1 _aالادريسى، ابى عبداللة محمد بن
245 1 0 _aكتاب نزهة المشتاق فى اختراق الافاق /
_cالادريسى، ابى عبداللة محمد بن
300 _a521 ص
490 _a
650 0 4 _aالرحلات
650 0 4 _aالمغامرات
650 0 4 _aالمستكشفون
650 0 4 _aالعالم - وصف ورحلات
942 _2ddc
_cBK
999 _c39309
_d39309